000 00576nam a2200205Ia 4500
005 20250508165817.0
008 008 250505s9999 xx 000 0 hin d
020 _a81-85469-98-9
037 _aTextual
040 _aFEDL
_beng
_cFEDL
041 _ahin
_2eng
084 _a320.54, MUS
_qFEDL
100 _aMushirul Hasan
245 0 _aBharat mein rashtravad aur sampradayik rajneeti (1885-1930)
260 _aNew Delhi, India
_bGranth Shilpi
_c2008
300 _a336p.
365 _aINR
_b575
942 _cTEXL
_h320.54, MUS
999 _c1397595
_d1397595